Sports Quiz

Random Sports Quiz

2010 Isotopes Slo-Pitch Roster Quiz Stats

 Plays Quiz not verified by Sporcle

Challenge
Share
Tweet
Embed
Score 0/25 Timer 20:00
0 Plays Today
Games Played Player % Correct
18Chad Leitch
94.4%
16Dan Gazarek
94.4%
17Ashley Grinham
94.4%
16Natasha Dunn
94.4%
15April Walker
94.4%
18Mark Bowden
88.9%
14Darren Stevenson
88.9%
13Kyle Bowden
88.9%
14AJ Stevenson
88.9%
14Julie Stevenson
88.9%
12Ed Stevenson
88.9%
16Talyn Pride
88.9%
13Ashley Cross
88.9%
Games Played Player % Correct
8Barry Bowden
83.3%
9Sheila Dietrich
66.7%
6Katy Howell-Escobar
66.7%
1Win Rideout
66.7%
1Emily Henderson
50%
1Steph Watson
50%
2Greg Simpson
38.9%
1Mark Bordman
38.9%
1Denise Colegate
33.3%
1Jeff Bottomley
33.3%
1Stephanie Morrison
33.3%
2Shaunacey Moon
22.2%

You're not logged in!

Compare scores with friends on all Sporcle quizzes.
Join for Free
OR
Log In

You Might Also Like...

Show Comments

Extras

Created Aug 20, 2010ReportNominate
Tags:2010, player, relation, roster

Top Quizzes Today


Score Distribution

Your Account Isn't Verified!

In order to create a playlist on Sporcle, you need to verify the email address you used during registration. Go to your Sporcle Settings to finish the process.

Report this User

Report this user for behavior that violates our Community Guidelines.

Details: